Online Catalogue and eLibrary

Tamil Culture in Ceylon : (Record no. 5715)

MARC details
000 -LEADER
fixed length control field 00241nam a2200097Ia 4500
008 - FIXED-LENGTH DATA ELEMENTS--GENERAL INFORMATION
fixed length control field 240331s9999 xx 000 0 und d
082 ## - DDC Classification
Item Number - Author Mark RAG
100 ## - MAIN ENTRY--PERSONAL NAME
Personal name Raghavan, M.D
245 #0 - TITLE STATEMENT
Title Tamil Culture in Ceylon :
Remainder of title A General Introduction
942 ## - Koha item type (Biblio)
Koha item type Books in Stacks (Lending)

No items available.

© WERC Library